All Living Former U.S Senators by Picture - Statistics

General Stats
  • This quiz has been taken 151 times
    12 since last reset
  • The average score is 99 of 152
Answer Stats
Picture Hint Answer % Correct
D-IL Barack Obama
100%
D-CA Barbara Boxer
100%
D-MD Barbara Mikulski
100%
D-MD Ben Cardin
100%
R-NE Ben Sasse
100%
D-AR Blanche Lincoln
100%
D-PA Bob Casey
100%
D-NJ Bob Menendez
100%
D-IL Carol Moseley Braun
100%
D-MO Claire McCaskill
100%
R-GA David Perdue
100%
D-MI Debbie Stabenow
100%
D-AL Doug Jones
100%
R-AK Frank Murkowski
100%
D-ND Heidi Heitkamp
100%
D-NY Hillary Clinton
100%
R-OH J.D Vance
100%
R-AL Jeff Sessions
100%
D-DE Joe Biden
100%
D-WV Joe Manchin
100%
D-MA John Kerry
100%
D-MT Jon Tester
100%
D-CA Kamala Harris
100%
R-NH Kelly Ayotte
100%
R-GA Kelly Loeffler
100%
I-AZ Kyrsten Sinema
100%
D-CA Laphonza Butler
100%
R-AL Luther Strange
100%
R-FL Marco Rubio
100%
D-AK Mark Begich
100%
D-CO Mark Udall
100%
R-AZ Martha McSally
100%
D-LA Mary Landrieu
100%
R-IN Mike Braun
100%
R-OH Mike DeWine
100%
R-ME Olympia Snowe
100%
D-VT Patrick Leahy
100%
R-PA Pat Toomey
100%
R-NC Richard Burr
100%
D-NM Tom Udall
100%
R-NY Alf D'Amato
91%
D-MN Al Franken
91%
D-TN Al Gore
91%
D-FL Bill Nelson
91%
D-CT Chris Dodd
91%
R-CO Cory Gardner
91%
R-IN Dan Quayle
91%
R-NV Dean Heller
91%
R-CO Hank Brown
91%
D-WV Jay Rockefeller
91%
R-NH John E. Sununu
91%
R-AZ Jon Kyl
91%
R-TX Kay Bailey Hutchison
91%
D-CO Ken Salazar
91%
R-TN Lamar Alexander
91%
R-RI Lincoln Chafee
91%
R-IL Mark Kirk
91%
R-OK Markwayne Mullin
91%
R-UT Mitt Romney
91%
R-KS Nancy Landon Kassebaum
91%
D-MA Paul G. Kirk Jr.
91%
R-PA Rick Santorum
91%
R-OH Rob Portman
91%
R-MA Scott Brown
91%
D-OH Sherrod Brown
91%
R-MS Trent Lott
91%
D-NE Ben Nelson
82%
R-AZ Jeff Flake
82%
D-IN Joe Donnelly
82%
D-NJ Jon Corzine
82%
D-AR Mark Pryor
82%
D-IL Roland Burris
82%
R-MN Rudy Boschwitz
82%
D-WI Russ Feingold
82%
D-DE Tom Carper
82%
D-WV Carte P. Goodwin
73%
R-LA David Vitter
73%
R-NC Elizabeth Dole
73%
D-IN Evan Bayh
73%
R-AL Richard Shelby
73%
R-MO Roy Blunt
73%
D-SD Tom Daschle
73%
R-TX W. Philip Gramm
73%
R-NH Bob C. Smith
64%
R-OR Gordon H. Smith
64%
R-SC Jim DeMint
64%
D-VA Jim Webb
64%
R-FL Mel Martinez
64%
D-MA Mo Cowan
64%
R-MN Norm Coleman
64%
D-IA Tom Harkin
64%
D-AZ Dennis DeConcini
55%
R-MO James M. Talent
55%
R-ID Larry Craig
55%
R-GA Saxby Chambliss
55%
D-ME William S. Cohen
55%
R-TN Bob Corker
45%
D-NC John Edwards
45%
R-NV John Ensign
45%
D-MT Max S. Baucus
45%
R-IL Peter Fitzgerald
45%
R-KS Sheila Frahm
45%
R-TN William H. Frist
45%
R-IN Dan Coats
36%
D-NJ George Helmy
36%
R-NH Judd Gregg
36%
D-ND Kent Conrad
36%
D-MN Mark Dayton
36%
R-KS Pat Roberts
36%
R-CA Pete Wilson
36%
D-NJ Bill Bradley
27%
D-NE Bob Kerrey
27%
D-ND Byron Dorgan
27%
R-NE Chuck Hagel
27%
D-VA Chuck Robb
27%
R-FL Connie Mack III
27%
IPM-MN Dean Barkley
27%
D-CO Gary Hart
27%
R-VA George Allen
27%
D-ME George J. Mitchell
27%
D-NM Jeff Bingaman
27%
R-NJ Jeffrey S. Chiesa
27%
R-MO John Ashcroft
27%
D-LA John B. Breaux
27%
R-MO John Danforth
27%
D-NJ Robert G. Torricelli
27%
R-KS Sam Brownback
27%
D-DE Ted Kaufman
27%
D-CO Timothy E. Wirth
27%
R-CO A. Wayne Allard
18%
R-ID Dirk Kempthorne
18%
R-OK Donald L. Nickles
18%
R-FL George LeMieux
18%
R-NH Gordon J. Humphrey
18%
R-UT Jake Garn
18%
R-SD Larry Pressler
18%
R-NE Mike Johanns
18%
R-NJ Nicholas F. Brady
18%
D-NV Richard Bryan
18%
R-OR Robert W. Packwood
18%
D-GA Sam Nunn
18%
R-MI Spencer Abraham
18%
R-AR Tim Hutchinson
18%
D-GA Wyche Fowler Jr.
18%
D-MI Donald W. Riegle Jr.
9%
R-NM Harrison H. Schmitt
9%
D-MT John E. Walsh
9%
R-CA John Seymour
9%
R-GA Mack Mattingly
9%
R-WI Robert W. Kasten Jr.
9%
D-AL Donald W. Stewart
0%
R-VA Paul S. Trible Jr.
0%
No matching quizzes found
Score Distribution
Percent of People with Each Score
Percentile by Number Answered
Your Score History
You have not taken this quiz since the last reset